| 000 | 00684nam a22002297a 4500 | ||
|---|---|---|---|
| 001 | 1422 | ||
| 005 | 20250822105241.0 | ||
| 020 | _a0477040209 | ||
| 040 |
_aFISKH _beng _cFISKH _dFISKH |
||
| 050 | _aPZ5-90 | ||
| 082 | _a398 | ||
| 100 | _aAnonymous | ||
| 245 |
_aSaturday Morning _cpictures by Lesley Moyes |
||
| 250 | _aSixth Impression 1996 | ||
| 260 |
_aWellington : _bLearning Media Limited, _c1996 |
||
| 300 |
_a12 pages : _c22 cm |
||
| 505 | _aF | ||
| 520 | _aA young boy is a witness to numerous chores and activities of his family members while not providing any assistance himself. | ||
| 521 |
_a380
_bLexile estimate |
||
| 521 |
_aF
_bRaz-Plus |
||
| 942 |
_2lcc _cBK _n0 |
||
| 999 |
_c1422 _d1422 |
||